000 00434nam a2200181Ia 4500
005 20250423101043.0
008 250422s9999 xx 000 0 und d
020 _a9780136086307
050 _aHF 5549.12 .R63/
100 _aRobbins, Stephen P.
245 0 _aSupervision today
260 _aNey Jersey
260 _bPrentice-Hall
260 _c1998
300 _a601 p
650 _a Supervision of employees.
942 _cBK
999 _c35141
_d35141